JESSICA - strukturální fondy trochu jinak

Finančný nástroj Európskej únie - JESSICA (Joint European support for sustainable investment in city areas). Možnosti využitia finančného nástroja JESSICA na realizáciu mestských projektov. Výhody tohto finančného nástroja oproti klasickému grantovému financovaniu. Využitie finančného nástroja JESS...

Descrizione completa

Salvato in:
Dettagli Bibliografici
Autore principale: Půbal, Karel
Altri autori: Damborská, Jitka
Natura: Capitolo di libro
Lingua:ceco
Soggetti:
Tags: Aggiungi Tag
Nessun Tag, puoi essere il primo ad aggiungerne!!

MARC

LEADER 00000naa$a2200000$$$4500
001 0107365
005 20231129092801.0
041 0 |a cze 
044 |a CZ 
245 1 0 |a JESSICA - strukturální fondy trochu jinak  |c Karel Půbal, Jitka Damborská 
520 |a Finančný nástroj Európskej únie - JESSICA (Joint European support for sustainable investment in city areas). Možnosti využitia finančného nástroja JESSICA na realizáciu mestských projektov. Výhody tohto finančného nástroja oproti klasickému grantovému financovaniu. Využitie finančného nástroja JESSICA v Českej republike. 
610 2 0 |a financovanie 
610 2 0 |a financie 
610 2 0 |a zdroje finančné 
610 2 0 |a fondy štruktúrne 
610 2 0 |a mestá 
610 2 0 |a Európska únia 
610 2 0 |a Česko 
100 1 |a Půbal, Karel 
700 1 |a Damborská, Jitka